000
00204nam a22000857a 4500
008
161021b xxu||||| |||| 00| 0 eng d
100
_9
911
_a
Blyton.E.
245
_a
The Famous Five
260
_b
Knight Books
_c
1968
999
_c
3565
_d
3565